[Event "SVK-chT1E 1415"]
[Site "Slovakia"]
[Date "2015.01.10"]
[Round "5.8"]
[White "Pecho, Juraj"]
[Black "Turcan, Martin"]
[Result "1/2-1/2"]
[WhiteElo "1948"]
[BlackElo "1917"]
[PlyCount "109"]
[EventDate "2014.10.18"]
[EventType "team-tourn"]
[EventRounds "11"]
[EventCountry "SVK"]
[SourceTitle "EXT 2016"]
[Source "ChessBase"]
[SourceDate "2015.10.08"]
[SourceVersion "1"]
[SourceVersionDate "2015.10.08"]
[SourceQuality "1"]
[WhiteTeam "Dolny Kubin"]
[BlackTeam "Zilina"]
[WhiteTeamCountry "SVK"]
[BlackTeamCountry "SVK"]

1. f4 g6 2. Nf3 Bg7 3. e3 c5 4. c4 d6 5. Nc3 Nc6 6. Be2 e6 7. 0-0 Nge7 8. d4 cxd4 9. exd4 d5 10. cxd5 Nxd5 11. Ne5 Nxe5 12. dxe5 Qb6+ 13. Kh1 Nxc3 14. bxc3 0-0 15. Qb3 Bd7 16. Ba3 Rfc8 17. Qxb6 axb6 18. Bb4 Bc6 19. Rfd1 Bd5 20. a3 g5 21. fxg5 Bxe5 22. Rd3 Bc4 23. Re3 Bxe2 24. Rxe5 Bc4 25. Rd1 Rd8 26. Ree1 Rd5 27. Rxd5 Bxd5 28. h4 Rc8 29. Kh2 Rc4 30. Kh3 Kg7 31. Re3 Re4 32. Rxe4 Bxe4 33. Be7 b5 34. g4 h6 35. gxh6+ Kxh6 36. Kg3 Kg6 37. Kf4 Bc6 38. h5+ Kg7 39. g5 Kh7 40. Bf8 Bd5 41. Be7 Bc4 42. Ke5 Be2 43. h6 Kg6 44. Bf6 Bd3 45. Kd6 Kh7 46. Kc5 Kg6 47. Kd6 Kh7 48. Ke7 Kg8 49. Bg7 Be4 50. Kf6 Bd3 51. Ke7 Be4 52. Kd6 Kh7 53. Kc5 Bc6 54. Kb6 Kg6 55. Bf6 1/2-1/2

[Event "SVK-chT1E 1415"]
[Site "Slovakia"]
[Date "2014.11.29"]
[Round "3.7"]
[White "Pecho, Juraj"]
[Black "Lasanda, Michal"]
[Result "0-1"]
[WhiteElo "1948"]
[BlackElo "2165"]
[PlyCount "84"]
[EventDate "2014.10.18"]
[EventType "team-tourn"]
[EventRounds "11"]
[EventCountry "SVK"]
[SourceTitle "EXT 2016"]
[Source "ChessBase"]
[SourceDate "2015.10.08"]
[SourceVersion "1"]
[SourceVersionDate "2015.10.08"]
[SourceQuality "1"]
[WhiteTeam "Dolny Kubin"]
[BlackTeam "Michalovce Zemplin"]
[WhiteTeamCountry "SVK"]
[BlackTeamCountry "SVK"]

1. f4 b6 2. Nf3 Bb7 3. e3 Nf6 4. b3 e6 5. Bb2 d5 6. Be2 Be7 7. 0-0 0-0 8. Qe1 c5 9. d3 Nc6 10. Nbd2 Qc7 11. Ne5 Rad8 12. Rf3 d4 13. Nxc6 Bxc6 14. e4 Ng4 15. Qg3 f5 16. h3 Nf6 17. Rf2 fxe4 18. dxe4 Nxe4 19. Nxe4 Bxe4 20. Bd3 Bxd3 21. cxd3 Bd6 22. Raf1 Rf6 23. Bc1 Rdf8 24. Qg4 Qd7 25. Bd2 Bc7 26. h4 Qd5 27. Rf3 Qf5 28. Qxf5 exf5 29. Re1 Kf7 30. Rf2 Re8 31. Rxe8 Kxe8 32. Re2+ Kd7 33. Kf2 b5 34. Kf3 a5 35. h5 Ra6 36. Bc1 a4 37. g4 axb3 38. axb3 fxg4+ 39. Kxg4 Ra1 40. Rc2 Bb6 41. Kf5 Rb1 42. Bb2 Rh1 0-1

[Event "SVK-chT2C 1213"]
[Site "Slovakia"]
[Date "2013.02.17"]
[Round "9.8"]
[White "Pecho, Juraj"]
[Black "Gazo, Daniel"]
[Result "1-0"]
[WhiteElo "1938"]
[BlackElo "1737"]
[PlyCount "77"]
[EventDate "2012.10.13"]
[EventType "team-tourn"]
[EventRounds "11"]
[EventCountry "SVK"]
[SourceTitle "EXT 2015"]
[Source "ChessBase"]
[SourceDate "2014.11.20"]
[SourceVersion "1"]
[SourceVersionDate "2014.11.20"]
[SourceQuality "1"]
[WhiteTeam "Dolny Kubin"]
[BlackTeam "Zilina DMS"]
[WhiteTeamCountry "SVK"]
[BlackTeamCountry "SVK"]

1. f4 Nf6 2. Nf3 g6 3. c4 c5 4. Nc3 Bg7 5. e3 Nc6 6. Be2 0-0 7. 0-0 d6 8. d4 Bf5 9. Bd3 cxd4 10. Nxd4 Bg4 11. Be2 Bxe2 12. Qxe2 Rc8 13. b3 Qb6 14. Rd1 Nd7 15. Nd5 Qd8 16. Bb2 Nc5 17. Rab1 e6 18. Nc3 Qe7 19. Rd2 e5 20. Nd5 Qe8 21. Nb5 Qe6 22. fxe5 Ne4 23. Rdd1 dxe5 24. Nbc7 Qd6 25. Nb5 Qe6 26. Ba3 Rfd8 27. Nbc7 Qf5 28. Rf1 Qd7 29. Rbd1 Nc3 30. Qf3 Nxd1 31. Rxd1 Kh8 32. Nb5 a6 33. Nd6 Rb8 34. Nxf7+ Kg8 35. Nf6+ Bxf6 36. Rxd7 Rxd7 37. Nd6 Bg7 38. Qd5+ Kf8 39. Nf5+ 1-0